[Event "Kesarovski Georgiev Memorial 6th"]
[Site "Sunny Beach"]
[Date "2007.09.18"]
[Round "9"]
[White "Bohm, Martin"]
[Black "Halldorsson, Jon Arni"]
[Result "1-0"]
[WhiteElo "2107"]
[BlackElo "2175"]
[PlyCount "53"]
[EventDate "2007.09.10"]
[EventType "swiss"]
[EventRounds "9"]
[EventCountry "BUL"]
[SourceTitle "CBM 120 Extra"]
[Source "ChessBase"]
[SourceDate "2007.11.01"]
[SourceVersion "1"]
[SourceVersionDate "2007.11.01"]
[SourceQuality "1"]

1. e4 e6 2. d3 c5 3. Nd2 g6 4. g3 Bg7 5. Bg2 Ne7 6. f4 Nbc6 7. Ngf3 0-0 8. 0-0 d6 9. Re1 Qc7 10. Nf1 f5 11. Ne3 Bd7 12. c3 h6 13. a4 a6 14. exf5 Nxf5 15. Nxf5 exf5 16. Bd2 Kh7 17. h4 Rae8 18. h5 Rxe1+ 19. Bxe1 Ne7 20. hxg6+ Nxg6 21. Bf2 Bc6 22. d4 Be4 23. Ne1 Bxg2 24. Kxg2 Qc6+ 25. d5 Qd7 26. Qd3 Re8 27. Nc2 1-0

[Event "Kesarovski Georgiev Memorial 6th"]
[Site "Sunny Beach"]
[Date "2007.09.14"]
[Round "5"]
[White "Bohm, Martin"]
[Black "Valev, Dimitar"]
[Result "1-0"]
[WhiteElo "2107"]
[BlackElo "1747"]
[PlyCount "70"]
[EventDate "2007.09.10"]
[EventType "swiss"]
[EventRounds "9"]
[EventCountry "BUL"]
[SourceTitle "CBM 120 Extra"]
[Source "ChessBase"]
[SourceDate "2007.11.01"]
[SourceVersion "1"]
[SourceVersionDate "2007.11.01"]
[SourceQuality "1"]

1. c4 e6 2. Nc3 d5 3. d4 c5 4. Nf3 Nc6 5. e3 Nf6 6. a3 a6 7. dxc5 Bxc5 8. b4 Ba7 9. b5 axb5 10. cxb5 Ne7 11. Bb2 0-0 12. Bd3 Ng6 13. 0-0 Re8 14. Qb3 e5 15. Bxg6 hxg6 16. Rfd1 e4 17. Nd4 Bb8 18. g3 Bh3 19. Nde2 Qd7 20. Nxd5 Nxd5 21. Rxd5 Qg4 22. Nd4 g5 23. Qd1 Be5 24. Qxg4 Bxg4 25. Rc1 Bxd4 26. Bxd4 Rec8 27. Rxc8+ Rxc8 28. Rxg5 Rc1+ 29. Kg2 Be2 30. g4 g6 31. Kg3 Rg1+ 32. Kf4 Bf3 33. h3 Rg2 34. Rd5 Kf8 35. Bf6 g5+ 1-0